| 000 | 01150nam a22002057a 4500 | ||
|---|---|---|---|
| 999 |
_c57025 _d57025 |
||
| 003 | Ge_BSU | ||
| 005 | 20191018110003.0 | ||
| 008 | 191018s2019 ge ||||| |||| 00| 0 geo d | ||
| 020 | _a9789941815102 | ||
| 041 | _ageo | ||
| 080 | _a929.52(479.22) ფ-38 | ||
| 100 |
_aფეიქრიშვილი, ჟუჟუნა . _94824 |
||
| 245 |
_aზუბალაშვილების ცხოვრება- გზა სიკეთის მსახურებისა / _cჟუჟუნა ფეიქრიშვილი ; რედ : თინათინ კოკოჩაშვილი. |
||
| 264 |
_aთბილისი : _bსულხან - საბა ორბელიანის გამომცემლობა, _c2019. |
||
| 300 |
_a208 გვ .: _bილ ; _c20 სმ. |
||
| 653 | _aზუბალაშვილების ცხოვრება | ||
| 653 | _aბიოგრაფიული და მონათესავე გამოკვლევები | ||
| 700 |
_aკოკოჩაშვილი , თინათინ _eრედაქტორი _94825 |
||
| 942 |
_2udc _cBK |
||